000
00298nam a2200133Ia 4500
008
240624s9999 xx 000 0 und d
041
_a
eng
082
_a
823 ORW
100
_a
ORWELL GEORGE
245
_a
1984
260
_c
2013
_a
New Delhi
_b
Scholastic
300
_a
312 p.; 22 cm.
365
_c
RS
999
_c
29455
_d
29455